MLB Teams With 100+ Wins in a Season - Statistics

General Stats
  • This quiz has been taken 94 times
    62 since last reset
  • The average score is 48 of 116
Answer Stats
Wins Year Division Team % Correct
101 2023 AL East Baltimore Orioles
85%
100 2023 NL West Los Angeles Dodgers
85%
104 2023 NL East Atlanta Braves
83%
111 2022 NL West Los Angeles Dodgers
81%
106 2022 AL West Houston Astros
79%
101 2022 NL East Atlanta Braves
74%
101 2022 NL East New York Mets
72%
103 2019 AL East New York Yankees
72%
107 2019 AL West Houston Astros
70%
106 2021 NL West Los Angeles Dodgers
70%
106 2019 NL West Los Angeles Dodgers
70%
101 2019 AL Central Minnesota Twins
70%
107 2021 NL West San Francisco Giants
68%
100 2021 AL East Tampa Bay Rays
66%
108 2018 AL East Boston Red Sox
64%
101 2017 AL West Houston Astros
64%
104 2017 NL West Los Angeles Dodgers
64%
100 2018 AL East New York Yankees
64%
103 2009 AL East New York Yankees
64%
103 2016 NL Central Chicago Cubs
62%
102 2017 AL Central Cleveland Indians
62%
103 2018 AL West Houston Astros
62%
103 2002 AL East New York Yankees
60%
100 2015 NL Central St. Louis Cardinals
60%
101 2003 AL East New York Yankees
57%
103 2002 AL West Oakland Athletics
57%
102 2011 NL East Philadelphia Phillies
57%
100 2008 AL West Los Angeles Angels
55%
101 2004 AL East New York Yankees
55%
114 1998 AL East New York Yankees
55%
116 2001 AL West Seattle Mariners
55%
100 2005 NL Central St. Louis Cardinals
55%
101 2003 NL East Atlanta Braves
53%
101 2002 NL East Atlanta Braves
53%
102 2001 AL West Oakland Athletics
53%
100 2003 NL West San Francisco Giants
53%
105 2004 NL Central St. Louis Cardinals
53%
103 1999 NL East Atlanta Braves
51%
106 1998 NL East Atlanta Braves
51%
101 1997 NL East Atlanta Braves
49%
100 1999 NL West Arizona Diamondbacks
47%
100 1995 AL Central Cleveland Indians
47%
103 1980 AL East New York Yankees
40%
102 1998 NL Central Houston Astros
38%
108 1986 NL East New York Mets
38%
100 1978 AL East New York Yankees
38%
100 1977 AL East New York Yankees
38%
101 1971 AL West Oakland Athletics
38%
103 1993 NL West San Francisco Giants
38%
102 1979 AL East Baltimore Orioles
36%
108 1970 AL East Baltimore Orioles
36%
100 1988 NL East New York Mets
36%
110 1927 AL New York Yankees
36%
104 1988 AL West Oakland Athletics
36%
100 1980 AL East Baltimore Orioles
34%
101 1971 AL East Baltimore Orioles
34%
109 1969 AL East Baltimore Orioles
34%
105 1953 NL Brooklyn Dodgers
34%
102 1976 NL West Cincinnati Reds
34%
108 1975 NL West Cincinnati Reds
34%
104 1984 AL East Detroit Tigers
34%
102 1974 NL West Los Angeles Dodgers
34%
100 1969 NL East New York Mets
34%
104 1963 AL New York Yankees
34%
109 1961 AL New York Yankees
34%
103 1942 AL New York Yankees
34%
106 1939 AL New York Yankees
34%
103 1990 AL West Oakland Athletics
34%
101 1976 NL East Philadelphia Phillies
34%
101 1967 NL St. Louis Cardinals
34%
103 1968 AL Detroit Tigers
32%
101 1941 AL New York Yankees
32%
102 1937 AL New York Yankees
32%
102 1936 AL New York Yankees
32%
107 1932 AL New York Yankees
32%
101 1977 NL East Philadelphia Phillies
32%
102 1962 NL San Francisco Giants
32%
102 1970 NL West Cincinnati Reds
30%
103 1954 AL New York Yankees
30%
101 1928 AL New York Yankees
30%
101 1915 AL Boston Red Sox
28%
107 1907 NL Chicago Cubs
28%
116 1906 NL Chicago Cubs
28%
102 1977 AL West Kansas City Royals
28%
101 1962 NL Los Angeles Dodgers
28%
107 1931 AL Philadelphia Athletics
28%
101 1985 NL East St. Louis Cardinals
28%
105 1944 NL St. Louis Cardinals
28%
105 1943 NL St. Louis Cardinals
28%
101 1931 NL St. Louis Cardinals
28%
104 1993 NL West Atlanta Braves
26%
104 1946 AL Boston Red Sox
26%
103 1942 NL Brooklyn Dodgers
26%
104 1910 NL Chicago Cubs
26%
104 1909 NL Chicago Cubs
26%
111 1954 AL Cleveland Indians
26%
102 1965 AL Minnesota Twins
26%
102 1930 AL Philadelphia Athletics
26%
104 1929 AL Philadelphia Athletics
26%
103 1902 NL Pittsburgh Pirates
26%
106 1942 NL St. Louis Cardinals
26%
100 1941 NL Brooklyn Dodgers
23%
105 1905 NL New York Giants
23%
106 1904 NL New York Giants
23%
110 1909 NL Pittsburgh Pirates
23%
105 1912 AL Boston Red Sox
21%
101 1961 AL Detroit Tigers
21%
102 1910 AL Philadelphia Athletics
21%
100 1935 NL Chicago Cubs
19%
100 1917 AL Chicago White Sox
19%
101 1911 AL Philadelphia Athletics
19%
101 1934 AL Detroit Tigers
17%
100 1940 NL Cincinnati Reds
15%
100 1915 AL Detroit Tigers
15%
101 1913 NL New York Giants
15%
103 1912 NL New York Giants
15%
No matching quizzes found
Score Distribution
Percent of People with Each Score
Percentile by Number Answered
Your Score History
You have not taken this quiz since the last reset